Dance Moms - Casting par image - Statistiques

Statistiques générales
  • Ce quiz a été pris 50 fois
  • Le résultat moyen est 28 sur 48
Statistiques - réponses
Par images Réponse % Correct
Abby Lee Miller
100%
Chloe
100%
JoJo
100%
Kendall
96%
Maddie
96%
Nia
96%
Brooke
93%
Kalani
93%
Mackenzie
93%
Paige
93%
Vivi-Ann
89%
Holly
85%
Melissa
85%
Asia
81%
Brynn
78%
Cathy
78%
Christi
78%
Gianna
78%
Jill
74%
Kelly
74%
Elliana
70%
Lilliana
70%
Payton
67%
Sarah
63%
Sarah
63%
Christy
56%
Kristie
56%
Brady
52%
Camryn
52%
GiaNina
44%
Jessalynn
44%
Kira
41%
Maesi
41%
Hannah
33%
Pressley
33%
Yolanda
33%
Savannah
30%
Leslie
26%
Ashlee
22%
Ashley
22%
Stacey
22%
Camille
19%
Ann
15%
Joanne
11%
Michelle
11%
Erin
7%
Jaime
4%
Tricia
4%
Aucun quiz correspondant
Distribution des résultats
% des personnes avec chaque résultat
Percentile par nombre de réponses
Votre historique - résultats
Vous n’avez pas pris ce quiz